Datum a čas kvízu
26
Celkem bodů
Celkový počet nahraných bodů na tomto kvízu bez doplňovacích otázek.
7.
Pořadí na kvízu
Konečné umístění týmu na tomto kvízu.
Zaznamenané odpovědi
# | Otázka | Odpověď | Body | Výsledky |
---|---|---|---|---|
1. | Jak se jmenuje český politik,... | Jiří Pospíšil | 0 | |
2. | Ve volební kampani v Německu s... | (Hitlerův) knírek | 1 | |
3. | Minulý týden byl zveřejněn tra... | Brad Pitt | 1 | |
4. | V úterý byl představen Index p... | Turnov, Luhačovice | 0.5 | |
5. | Ve středu byl v městečku Lenze... | ve Švýcarsku | 1 | |
6. | Vítězné téma facebookového hla... | Crassus | 0 | |
7. | Který evropský diktátor dopadl... | Benito Mussolini | 1 | |
8. | Od smrti severokorejského dikt... | Václav Havel | 0 | |
9. | Který diktátor se nechal před... | Alexandr Lukašenko | 1 | |
10. | Ve které jihoasijské zemi vlád... | Kambodža, Rudí Khmerové | 1 |